<?xml version="1.0" encoding="UTF-8"?>
<record
    xmlns:xsi="http://www.w3.org/2001/XMLSchema-instance"
    xsi:schemaLocation="http://www.loc.gov/MARC21/slim http://www.loc.gov/standards/marcxml/schema/MARC21slim.xsd"
    xmlns="http://www.loc.gov/MARC21/slim">

  <leader>01211    a2200217   4500</leader>
  <controlfield tag="001">60982</controlfield>
  <controlfield tag="005">20260407155900.0</controlfield>
  <controlfield tag="008">260407a1968    arg                 spa d</controlfield>
  <controlfield tag="003">AR-UNSa-BCEJYS</controlfield>
  <datafield tag="040" ind1=" " ind2=" ">
    <subfield code="a">AR-UNSa-BCEJYS</subfield>
    <subfield code="b">spa</subfield>
    <subfield code="c">AR-UNSa-BCEJYS</subfield>
  </datafield>
  <datafield tag="080" ind1=" " ind2=" ">
    <subfield code="a">343.13</subfield>
    <subfield code="x">Procedimiento penal. Derecho procesal penal </subfield>
  </datafield>
  <datafield tag="245" ind1="1" ind2="0">
    <subfield code="a">Procedimiento penal mixto</subfield>
  </datafield>
  <datafield tag="264" ind1=" " ind2="1">
    <subfield code="a">Buenos Aires :</subfield>
    <subfield code="b">Plus Ultra</subfield>
    <subfield code="c">1968</subfield>
  </datafield>
  <datafield tag="300" ind1=" " ind2=" ">
    <subfield code="a">3 v.</subfield>
    <subfield code="c">23 cm.</subfield>
  </datafield>
  <datafield tag="505" ind1=" " ind2=" ">
    <subfield code="a">1. Disposiciones Generales: 1. Garant&#xED;as fundamentales, interpretaci&#xF3;n y aplicaci&#xF3;n de la ley &#x2013; 2. Acciones que nacen del delito &#x2013; 3. El juez &#x2013; 4. Las partes y los defensores &#x2013; 5. Actos procesales &#x2013; 2. Introducci&#xF3;n: 1. Actos iniciales &#x2013; 2. Disposiciones generales sobre la instrucci&#xF3;n &#x2013; 3. Medios de prueba &#x2013; 4. Situaci&#xF3;n del imputado &#x2013; 5. Sobreseimiento &#x2013; 6. Excepciones &#x2013; 7. Clausura de la instrucci&#xF3;n y elevaci&#xF3;n a juicio &#x2013; 3. Juicios, Recursos, Ejecuci&#xF3;n: 1. Juicio com&#xFA;n &#x2013; 2. Juicios especiales &#x2013; 3. Recursos &#x2013; 4. Ejecuci&#xF3;n penal &#x2013; 5. Ejecuci&#xF3;n civil &#x2013; 6. Costas</subfield>
  </datafield>
  <datafield tag="041" ind1=" " ind2=" ">
    <subfield code="a">spa</subfield>
  </datafield>
  <datafield tag="942" ind1=" " ind2=" ">
    <subfield code="c">BK</subfield>
  </datafield>
  <datafield tag="590" ind1=" " ind2=" ">
    <subfield code="a">niveau_biblio:m niveau_hierar:0</subfield>
  </datafield>
  <datafield tag="100" ind1="1" ind2=" ">
    <subfield code="a">V&#xE1;zquez Iruzubieta, Carlos</subfield>
  </datafield>
  <datafield tag="700" ind1="1" ind2=" ">
    <subfield code="a">Castro, R.A.</subfield>
  </datafield>
  <datafield tag="999" ind1=" " ind2=" ">
    <subfield code="c">7172</subfield>
    <subfield code="d">7172</subfield>
  </datafield>
  <datafield tag="952" ind1=" " ind2=" ">
    <subfield code="0">0</subfield>
    <subfield code="1">0</subfield>
    <subfield code="4">0</subfield>
    <subfield code="7">0</subfield>
    <subfield code="a">BCEJYS</subfield>
    <subfield code="b">BCEJYS</subfield>
    <subfield code="c">16</subfield>
    <subfield code="d">2026-04-07</subfield>
    <subfield code="l">0</subfield>
    <subfield code="o">343.13 V393 v.1</subfield>
    <subfield code="p">L24993</subfield>
    <subfield code="r">2026-04-07 15:59:00</subfield>
    <subfield code="w">2026-04-07</subfield>
    <subfield code="y">L</subfield>
  </datafield>
  <datafield tag="952" ind1=" " ind2=" ">
    <subfield code="0">0</subfield>
    <subfield code="1">0</subfield>
    <subfield code="4">0</subfield>
    <subfield code="7">0</subfield>
    <subfield code="a">BCEJYS</subfield>
    <subfield code="b">BCEJYS</subfield>
    <subfield code="c">16</subfield>
    <subfield code="d">2026-04-07</subfield>
    <subfield code="l">0</subfield>
    <subfield code="o">343.13 V393 v.2</subfield>
    <subfield code="p">L24994</subfield>
    <subfield code="r">2026-04-07 15:59:00</subfield>
    <subfield code="w">2026-04-07</subfield>
    <subfield code="y">L</subfield>
  </datafield>
  <datafield tag="952" ind1=" " ind2=" ">
    <subfield code="0">0</subfield>
    <subfield code="1">0</subfield>
    <subfield code="4">0</subfield>
    <subfield code="7">0</subfield>
    <subfield code="a">BCEJYS</subfield>
    <subfield code="b">BCEJYS</subfield>
    <subfield code="c">16</subfield>
    <subfield code="d">2026-04-07</subfield>
    <subfield code="l">0</subfield>
    <subfield code="o">343.13 V393 v.3</subfield>
    <subfield code="p">L24995</subfield>
    <subfield code="r">2026-04-07 15:59:00</subfield>
    <subfield code="w">2026-04-07</subfield>
    <subfield code="y">L</subfield>
  </datafield>
</record>
